Paris ou Brest ? - Statistiques

Statistiques générales
  • Ce quiz a été pris 408 fois
  • Le résultat moyen est 11 sur 15
Statistiques - réponses
Question Réponse % Correct
Est le nom d’une pâtisserie Paris-Brest
100%
Est le plus à l’ouest Brest
98%
Se trouve dans le Finistère Brest
97%
A accueilli l’Eurovision Paris
94%
A un port militaire Brest
89%
Est le plus au nord Paris
89%
Laquelle de ces photos a été prise à Brest ?
79%
Est la ville de naissance de Jacques Chirac Paris
78%
Joue en Ligue 1 (foot) Paris-Brest
73%
Est chef-lieu de son département Paris
68%
Est une affiche de Ligue des Champions en 2025 Paris-Brest
63%
A son téléphérique urbain Brest
61%
Possède une cathédrale Paris
60%
A accueilli le départ du Tour de France Paris-Brest
46%
Est une métropole Paris-Brest
44%
Aucun quiz correspondant
Distribution des résultats
% des personnes avec chaque résultat
Percentile par nombre de réponses
Votre historique - résultats
Vous n’avez pas pris ce quiz